| 000 | 00863nas a2200265 4500 | ||
|---|---|---|---|
| 001 | BR2011001239 | ||
| 003 | BR-BrBNA | ||
| 005 | 20231205114458.0 | ||
| 007 | ta | ||
| 008 | 230509b bl.|||p| |||| 00| 00por d | ||
| 040 |
_aBR-BrBNA _bpor _cBiblioteca Nacional de Agricultura |
||
| 041 | _a(Pt) | ||
| 072 | _aF04 | ||
| 100 | 1 | _aDeminicis, B.B. | |
| 100 | 1 | _aAbreu, J.B.R. de | |
| 100 | 1 | _aVieira, H.D. | |
| 100 | 1 | _aAraújo, S.A. do C. | |
| 245 | 1 | _aBrachiaria humidicola (Rendle)Schweick em diferentes idades de rebrota submetida a doses de nitrogênio e potássio | |
| 650 | _aCAPIM BRACHIARIA | ||
| 650 | _aCOMPOSIÇÃO QUÍMICA | ||
| 650 | _aMATÉRIA SECA | ||
| 773 | 0 |
_tCiência e Agrotecnologia (Brazil) _xISSN 1413-7054 _g(Sep-Oct 2010), v. 34(5) p. 1116-1123 _wBR2011001239 |
|
| 909 |
_a202311 _bLúcia _c55 _dLúcia Elande |
||
| 942 |
_2AGRIS _n0 _cANA |
||
| 999 |
_c208954 _d208954 |
||